| 000 | 01052nam a22002537a 4500 | ||
|---|---|---|---|
| 999 |
_c7647 _d7647 |
||
| 003 | AR-CdUCM | ||
| 008 | 190321b ||||| |||| 00| 0 spa d | ||
| 040 |
_aMUNICIPALIDAD PROVINCIAL DEL CUSCO _cBIBLIOTECA MUNICIPAL DEL CUSCO |
||
| 041 | _hdut | ||
| 082 |
_a540 / _bSC29 |
||
| 100 |
_aSchulze, Werner _921596 |
||
| 245 |
_aEstructura de las Moléculas : _bFundamentos Teóricos y Métodos de determinación de Estructuras / |
||
| 260 |
_aMéxico : _bHispano Americana ; _c1962. |
||
| 300 |
_a137 páginas ; _b Fórmulas, diagramas _c17cm |
||
| 440 |
_aColección Manuales Uteha _n37 _921597 |
||
| 500 | _aSección 3 | ||
| 505 | _aContenido: Moléculas de los gases -- Volumen molecular en los gases -- Volumen molecular en los líquidos -- La acción de campos eléctricos -- Acción de campos electromagnéticos alternos... | ||
| 650 |
_aCampo electromagnético _921598 |
||
| 650 |
_aMoléculas _921599 |
||
| 650 |
_aRadio molecular _921600 |
||
| 700 |
_aToral, María Teresa (traducción) _921601 |
||
| 942 |
_2ddc _cLIBROS |
||
| 945 | _anom | ||